[Event "Bad Woerishofen op"]
[Site "?"]
[Date "2003.??.??"]
[Round "3"]
[White "Klundt, Klaus"]
[Black "Maugg, Ludwig"]
[Result "1/2-1/2"]
[WhiteElo "2381"]
[BlackElo "2136"]
[Annotator "ChessOrg"]
[PlyCount "65"]

1. e4 c5 2. Nf3 Nc6 3. d4 cxd4 4. Nxd4 Nf6 5. Nc3 e5 6. Ndb5 d6 7. Bg5 a6 8.
Na3 b5 9. Bxf6 gxf6 10. Nd5 f5 11. Bd3 Be6 12. O-O Bg7 13. c3 O-O 14. Nc2 Rb8
15. Qh5 f4 16. g3 Qd7 17. f3 fxg3 18. hxg3 f5 19. Nce3 f4 20. gxf4 exf4 21. Nf5
Rxf5 22. exf5 Bf7 23. Qg5 Bxd5 24. f6 Ne5 25. Be4 Bxe4 26. fxe4 Rb7 27. fxg7
Qh3 28. Qd8+ Kxg7 29. Rf2 Nf3+ 30. Rxf3 Qxf3 31. Qg5+ Kh8 32. Qd8+ Kg7 33. Qg5+
1/2-1/2

[Event "Bad Woerishofen op"]
[Site "?"]
[Date "2003.??.??"]
[Round "3"]
[White "Werner, Clemens"]
[Black "Kuempers, Ulrich"]
[Result "1-0"]
[WhiteElo "2334"]
[BlackElo "2147"]
[Annotator "ChessOrg"]
[PlyCount "64"]

1. d4 Nf6 2. c4 d6 3. Nc3 e5 4. Nf3 Nbd7 5. Bg5 Be7 6. e3 O-O 7. Qc2 c6 8. Be2
Ne8 9. Bxe7 Qxe7 10. O-O f5 11. b4 Ndf6 12. c5 e4 13. cxd6 Nxd6 14. Ne5 Be6 15.
Rac1 Rac8 16. Qa4 a6 17. Qa5 Nb5 18. f4 exf3 19. Bxf3 f4 20. exf4 Nxd4 21. Qc5
Nxf3+ 22. Rxf3 Qc7 23. a3 Nd7 24. Nxd7 Bxd7 25. Nd5 Qd8 26. Ne7+ Kh8 27. Nxc8
Qxc8 28. Re1 h6 29. Re7 Bg4 30. Qe5 Rg8 31. Rg3 h5 32. h3 Qd8 1-0

[Event "Bad Woerishofen op"]
[Site "?"]
[Date "2003.??.??"]
[Round "3"]
[White "Lotsov, Har-Zahar"]
[Black "Vossenkuhl, Joachim"]
[Result "1/2-1/2"]
[WhiteElo "2039"]
[BlackElo "2166"]
[Annotator "ChessOrg"]
[PlyCount "68"]

1. e4 e6 2. d4 d5 3. e5 c5 4. c3 Nc6 5. Nf3 Bd7 6. Be2 Nge7 7. Na3 cxd4 8. cxd4
Nf5 9. Nc2 Qb6 10. O-O Be7 11. Qd3 Rc8 12. g4 Nh4 13. Nxh4 Bxh4 14. g5 Qd8 15.
f4 h6 16. g6 f5 17. Na3 a6 18. Bd2 O-O 19. b4 Qb6 20. Nc2 Be7 21. Rab1 Na7 22.
Rb2 Rc7 23. Be3 Rfc8 24. Rf3 Nb5 25. a4 Nc3 26. a5 Qb5 27. Bf1 Qxd3 28. Bxd3
Bb5 29. Bxb5 Nxb5 30. Rf2 Nc3 31. Rd2 Na4 32. Ra2 Nc3 33. Rb2 Na4 34. Ra2 Nc3
1/2-1/2

[Event "Bad Woerishofen op"]
[Site "?"]
[Date "2003.??.??"]
[Round "3"]
[White "Schmidt, Andreas"]
[Black "Wiedermann, Franz"]
[Result "1/2-1/2"]
[WhiteElo "2245"]
[BlackElo "2130"]
[Annotator "ChessOrg"]
[PlyCount "75"]

1. e4 Nf6 2. e5 Nd5 3. c4 Nb6 4. c5 Nd5 5. Nc3 c6 6. Nxd5 cxd5 7. d4 b6 8. Qb3
bxc5 9. Qxd5 Nc6 10. e6 fxe6 11. Qxc5 Qb6 12. Nf3 e5 13. Qxb6 axb6 14. dxe5 Nb4
15. Nd4 e6 16. Bd2 Bc5 17. Bxb4 Bxb4+ 18. Ke2 O-O 19. a3 Ra5 20. f4 Rxf4 21.
Ke3 Rf8 22. Bb5 Bc5 23. a4 Bb7 24. Rhf1 Bxg2 25. Rxf8+ Kxf8 26. Rb1 Bc6 27. b4
Bxd4+ 28. Kxd4 Ra8 29. Bxc6 dxc6 30. Ra1 Ke7 31. a5 Kd7 32. Rg1 c5+ 33. Kc4
cxb4 34. Rxg7+ Kc6 35. axb6 Kxb6 36. Re7 Rc8+ 37. Kxb4 Kc6 38. Rxe6+ 1/2-1/2

[Event "Bad Woerishofen op"]
[Site "?"]
[Date "2003.??.??"]
[Round "3"]
[White "Pflug, Mathias"]
[Black "Eichler, Gottfried"]
[Result "1/2-1/2"]
[WhiteElo "2241"]
[BlackElo "2112"]
[Annotator "ChessOrg"]
[PlyCount "84"]

1. e4 e6 2. d4 c5 3. Nf3 cxd4 4. Nxd4 Nf6 5. Nc3 d6 6. g4 h6 7. h4 Nc6 8. Rg1
d5 9. Nxc6 bxc6 10. g5 Nxe4 11. Nxe4 dxe4 12. Qe2 Qb6 13. c3 Bc5 14. b4 Be7 15.
Qxe4 hxg5 16. hxg5 Qc7 17. Be3 e5 18. b5 Bd7 19. bxc6 Bxc6 20. Bb5 Rc8 21.
Bxc6+ Qxc6 22. Qxe5 f6 23. gxf6 gxf6 24. Qa5 Bd8 25. Qa3 Qxc3+ 26. Qxc3 Rxc3
27. Bxa7 Ba5 28. Kf1 Kf7 29. Be3 Rc2 30. Kg2 Rg8+ 31. Kf1 Rh8 32. a3 Bd2 33.
Ke2 Bxe3+ 34. Kxe3 Rh3+ 35. Rg3 Rc3+ 36. Kd4 Rhxg3 37. fxg3 Rxg3 38. a4 Ke7 39.
Kc5 Kd7 40. Rf1 Kc7 41. Rxf6 Rg5+ 42. Kb4 Kb7 1/2-1/2

[Event "Bad Woerishofen op"]
[Site "?"]
[Date "2003.??.??"]
[Round "3"]
[White "Graf, Christian"]
[Black "Grosser, Walter"]
[Result "1/2-1/2"]
[WhiteElo "2231"]
[BlackElo "2096"]
[Annotator "ChessOrg"]
[PlyCount "110"]

1. b3 Nf6 2. Bb2 d6 3. g3 g6 4. Bg2 Bg7 5. e4 e5 6. Ne2 O-O 7. O-O Nc6 8. d4
exd4 9. Nxd4 Nxd4 10. Bxd4 Re8 11. Nd2 Bd7 12. Re1 Qc8 13. Qf3 Ng4 14. Bxg7
Kxg7 15. Qc3+ Kg8 16. f4 Qd8 17. h3 Nf6 18. e5 Nh5 19. Bxb7 Bxh3 20. Bxa8 Qxa8
21. Qf3 Qc8 22. exd6 cxd6 23. Rxe8+ Qxe8 24. Ne4 Bg4 25. Qxg4 Qxe4 26. Qc8+ Kg7
27. Qc3+ Kh6 28. Re1 Qf5 29. Kh2 Nf6 30. Rh1 Kg7 31. Re1 Kh6 32. Kg2 Qd5+ 33.
Qf3 Qf5 34. c4 Kg7 35. Re2 h5 36. Rd2 Ng4 37. Qd3 Qc8 38. Qd4+ Kh7 39. Re2 Qf5
40. Qxd6 h4 41. gxh4 Nh6 42. Qe5 Qg4+ 43. Kf1 Nf5 44. Ke1 Nxh4 45. Kd1 Nf3 46.
Qf6 Qg1+ 47. Kc2 Nd4+ 48. Kd2 Nxe2 49. Qxf7+ Kh6 50. Kxe2 Qg2+ 51. Ke3 Qg3+ 52.
Kd2 Qf2+ 53. Kc3 Qe1+ 54. Kb2 Qd2+ 55. Kb1 Qd1+ 1/2-1/2

[Event "Bad Woerishofen op"]
[Site "?"]
[Date "2003.??.??"]
[Round "3"]
[White "Wegemund, Hubert"]
[Black "Peschlow, Patrick"]
[Result "1/2-1/2"]
[WhiteElo "1790"]
[BlackElo "2228"]
[Annotator "ChessOrg"]
[PlyCount "86"]

1. Nf3 Nf6 2. c4 g6 3. g3 Bg7 4. Bg2 O-O 5. Nc3 Nc6 6. O-O d6 7. Rb1 e5 8. e4
a5 9. a3 Be6 10. d3 h6 11. b4 axb4 12. axb4 Qd7 13. b5 Ne7 14. Ne1 Bh3 15. Nc2
Bxg2 16. Kxg2 Nh5 17. g4 Nf4+ 18. Bxf4 exf4 19. d4 f5 20. gxf5 gxf5 21. Qf3
fxe4 22. Qxe4 c6 23. Kh1 Qh3 24. bxc6 bxc6 25. Rg1 Nf5 26. Rb7 Rae8 27. Qg2
Qxg2+ 28. Rxg2 Rf7 29. Rb1 f3 30. Rg4 Kf8 31. Rf4 c5 32. Ne4 cxd4 33. Rb3 Be5
34. Rfxf3 Bxh2 35. Ng3 Bxg3 36. fxg3 Re2 37. Nb4 Re3 38. Nc2 Re2 39. Na3 Re3
40. Nb5 Re1+ 41. Kh2 h5 42. Rf4 Ree7 43. Rbf3 Re3 1/2-1/2

[Event "Bad Woerishofen op"]
[Site "?"]
[Date "2003.??.??"]
[Round "3"]
[White "Kugelmann, Werner"]
[Black "Boettcher, Ulrich"]
[Result "1-0"]
[WhiteElo "2165"]
[BlackElo "2023"]
[Annotator "ChessOrg"]
[PlyCount "153"]

1. e4 c5 2. Nf3 d6 3. d4 cxd4 4. Nxd4 Nf6 5. Nc3 g6 6. Be3 Bg7 7. f3 O-O 8. Bc4
Nc6 9. Qd2 Bd7 10. O-O-O Rc8 11. Bb3 Ne5 12. Kb1 Nc4 13. Bxc4 Rxc4 14. Nde2 b5
15. Nf4 Rxc3 16. Qxc3 Nxe4 17. Qa3 Nf6 18. Qxa7 Qc8 19. Rhe1 Bf5 20. Re2 e5 21.
Nd3 e4 22. Ne1 exf3 23. gxf3 Qc4 24. Red2 Rc8 25. Bd4 h5 26. Qa3 b4 27. Qb3 Qb5
28. a3 Rc4 29. a4 Qa6 30. Bxf6 Bxf6 31. Rxd6 Rc6 32. Rxc6 Qxc6 33. Qxb4 Qe6 34.
a5 Qe2 35. Qd2 Qb5 36. Nd3 Be6 37. Qb4 Qd5 38. Qa4 Qxf3 39. Re1 Bf5 40. Qe8+
Kg7 41. Qe2 Qb7 42. Qd2 Qb5 43. Rf1 Bxb2 44. Rxf5 Be5+ 45. Kc1 gxf5 46. Qg5+
Kf8 47. Qd8+ Kg7 48. Qb6 Bf4+ 49. Nxf4 Qf1+ 50. Kb2 Qxf4 51. a6 Qe5+ 52. Kb1
Qe1+ 53. Ka2 Qd2 54. Qb2+ f6 55. a7 Qa5+ 56. Qa3 Qd5+ 57. Kb2 Qb7+ 58. Ka1 Qh1+
59. Kb2 Qb7+ 60. Ka1 Qh1+ 61. Ka2 Qd5+ 62. Kb2 Qb7+ 63. Kc3 Qf3+ 64. Kb4 Qb7+
65. Kc4 Qc6+ 66. Qc5 Qa6+ 67. Kd5 Kf7 68. Qc7+ Kg6 69. c4 f4 70. Qb8 Qa5+ 71.
c5 Qa2+ 72. Kd6 Qd2+ 73. Kc6 Qg2+ 74. Kc7 f3 75. a8=Q Qxh2+ 76. Kd7 Qh3+ 77.
Ke7 1-0

[Event "Bad Woerishofen op"]
[Site "?"]
[Date "2003.??.??"]
[Round "3"]
[White "Holscher, Peter"]
[Black "Simonsen, Hans"]
[Result "0-1"]
[WhiteElo "2090"]
[BlackElo "2213"]
[Annotator "ChessOrg"]
[PlyCount "66"]

1. d4 d5 2. Nf3 Nf6 3. g3 g6 4. Bg2 Bg7 5. c4 c6 6. Nc3 O-O 7. Qb3 dxc4 8. Qxc4
Qb6 9. O-O Be6 10. Qa4 Rd8 11. Rd1 h6 12. h3 Na6 13. e4 Qb4 14. Qc2 Nc7 15. Bd2
Nb5 16. Nxb5 Qxb5 17. Bc3 Qh5 18. g4 Qb5 19. b3 a5 20. Bf1 Qb6 21. Bc4 Bxc4 22.
bxc4 Nd7 23. e5 e6 24. Rab1 Qa6 25. Ba1 Nb6 26. Nd2 c5 27. Qb3 Nd7 28. Nf3 cxd4
29. Bxd4 Rac8 30. Qxb7 Qxb7 31. Rxb7 Nxe5 32. Bxe5 Rxd1+ 33. Kg2 Rxc4 0-1

[Event "Bad Woerishofen op"]
[Site "?"]
[Date "2003.??.??"]
[Round "3"]
[White "Babar, Michael"]
[Black "Belic, Robert"]
[Result "1-0"]
[WhiteElo "2187"]
[BlackElo "1986"]
[Annotator "ChessOrg"]
[PlyCount "59"]

1. e4 c5 2. Nf3 d6 3. Bb5+ Bd7 4. Bxd7+ Qxd7 5. c3 g6 6. O-O Bg7 7. d4 cxd4 8.
cxd4 Nf6 9. Nc3 O-O 10. Bg5 h6 11. Bxf6 Bxf6 12. Re1 Bg7 13. Qb3 Nc6 14. Rad1
Rfd8 15. e5 d5 16. e6 fxe6 17. Qc2 Rf8 18. Qxg6 Rf6 19. Qg4 Kh7 20. Qh3 Rf5 21.
Ne2 Raf8 22. Rd3 Kg8 23. Ng3 R5f6 24. Nh5 Rf5 25. Nxg7 Kxg7 26. Nh4 R5f6 27.
Qg4+ Kf7 28. Qh5+ Kg8 29. Rg3+ Kh7 30. Qg4 1-0

[Event "Bad Woerishofen op"]
[Site "?"]
[Date "2003.??.??"]
[Round "3"]
[White "Heinrich, Olaf"]
[Black "Jaenig, Reinhard"]
[Result "0-1"]
[WhiteElo "1751"]
[BlackElo "2168"]
[Annotator "ChessOrg"]
[PlyCount "56"]

1. Nf3 c5 2. g3 Nc6 3. Bg2 e5 4. d3 g6 5. e4 Bg7 6. O-O Nge7 7. Nbd2 O-O 8. a4
d6 9. Nc4 h6 10. Nh4 Be6 11. Ne3 d5 12. exd5 Nxd5 13. Nxd5 Bxd5 14. Nf3 Qd7 15.
Be3 b6 16. Qd2 Kh7 17. Rfe1 Rad8 18. Rad1 Qg4 19. h3 Qc8 20. Qc1 f5 21. Kh2 g5
22. Bd2 g4 23. Ng1 Bxg2 24. Kxg2 Nd4 25. b3 f4 26. f3 gxf3+ 27. Nxf3 Nxf3 28.
Kxf3 Qxh3 0-1

[Event "Bad Woerishofen op"]
[Site "?"]
[Date "2003.??.??"]
[Round "3"]
[White "Wirfs, Joachim"]
[Black "Jenni, Florian"]
[Result "0-1"]
[WhiteElo "1727"]
[BlackElo "2516"]
[Annotator "ChessOrg"]
[PlyCount "82"]

1. d4 Nf6 2. Nf3 e6 3. c4 b6 4. Nc3 Bb4 5. Bg5 Bb7 6. e3 h6 7. Bh4 O-O 8. Bd3
d6 9. O-O Bxc3 10. bxc3 Nbd7 11. Nd2 e5 12. f3 Re8 13. Re1 Nf8 14. Rb1 Qe7 15.
e4 Ne6 16. Bf2 Nf4 17. Bf1 Bc8 18. c5 dxc5 19. dxc5 Rd8 20. Qc2 N6h5 21. Kh1
Qg5 22. Red1 Ba6 23. c4 Ne6 24. Nb3 Nhf4 25. g3 Ng6 26. Rxd8+ Rxd8 27. Rd1 h5
28. Rd3 h4 29. Be3 Qf6 30. Kg2 Nd4 31. Nxd4 exd4 32. Bg1 Ne5 33. Ra3 d3 34. Qd1
h3+ 35. Kh1 Bxc4 36. f4 Qc6 37. Bxh3 Qxe4+ 38. Bg2 Bd5 39. Qf1 Qxg2+ 40. Qxg2
Bxg2+ 41. Kxg2 d2 0-1

[Event "Bad Woerishofen op"]
[Site "?"]
[Date "2003.??.??"]
[Round "3"]
[White "Fischer, Johann"]
[Black "Dintheer, Willi"]
[Result "1-0"]
[WhiteElo "2306"]
[BlackElo "2098"]
[Annotator "ChessOrg"]
[PlyCount "49"]

1. d4 d5 2. c4 e5 3. dxe5 d4 4. Nf3 Nc6 5. g3 Bg4 6. Bg2 Qd7 7. Nbd2 f6 8. exf6
Nxf6 9. a3 O-O-O 10. O-O d3 11. exd3 Qxd3 12. h3 Bh5 13. Qa4 Be8 14. b4 Kb8 15.
b5 Nd4 16. Nxd4 Rxd4 17. Bb2 Rd6 18. Bxf6 Rxf6 19. Ne4 a6 20. Nxf6 gxf6 21.
Bxb7 Bc5 22. Qxa6 Qxg3+ 23. Bg2 c6 24. bxc6 Kc7 25. Qb7+ 1-0

[Event "Bad Woerishofen op"]
[Site "?"]
[Date "2003.??.??"]
[Round "3"]
[White "Glas, Stefan"]
[Black "Babar, Frank"]
[Result "0-1"]
[WhiteElo "2096"]
[BlackElo "2240"]
[Annotator "ChessOrg"]
[PlyCount "58"]

1. e4 c5 2. Nf3 e6 3. d4 cxd4 4. Nxd4 a6 5. Nc3 Qc7 6. Bd3 b5 7. Qg4 Nf6 8. Qg3
d6 9. a3 Bb7 10. O-O Nbd7 11. Bd2 h5 12. h4 Ne5 13. Rfe1 Be7 14. Rad1 Nfg4 15.
f3 Ng6 16. Bg5 Bxg5 17. hxg5 Qc5 18. Bf1 N4e5 19. Qf2 h4 20. Nb3 Qc7 21. Qd4
Rd8 22. a4 b4 23. Qxb4 h3 24. Na5 Ba8 25. Nc4 hxg2 26. Kxg2 Nxc4 27. Qxc4 Qe7
28. Kf2 Qxg5 29. Re2 Ne5 0-1

[Event "Bad Woerishofen op"]
[Site "?"]
[Date "2003.??.??"]
[Round "3"]
[White "Behl, Torsten"]
[Black "Fahnenschmidt, Gerhard"]
[Result "1-0"]
[WhiteElo "2094"]
[BlackElo "2220"]
[Annotator "ChessOrg"]
[PlyCount "77"]

1. e4 c5 2. Nf3 d6 3. d4 Nf6 4. Nc3 cxd4 5. Nxd4 a6 6. Be3 e6 7. Be2 Be7 8. O-O
b5 9. Bf3 b4 10. e5 dxe5 11. Nb3 Qxd1 12. Rfxd1 e4 13. Nxe4 Nd5 14. Nd6+ Bxd6
15. Rxd5 exd5 16. Bxd5 O-O 17. Bxa8 Be5 18. Bd4 Nd7 19. Bf3 Bxd4 20. Nxd4 Ne5
21. Re1 Nxf3+ 22. Nxf3 Be6 23. Nd4 Bxa2 24. b3 a5 25. Nc6 Ra8 26. Ra1 Ra6 27.
Ne5 Re6 28. Nd3 f6 29. Rxa2 Rc6 30. Kf1 g5 31. Ke2 Kf7 32. Kd2 Ra6 33. Nxb4
Rd6+ 34. Nd3 Rd5 35. c4 Rf5 36. c5 h5 37. Rxa5 h4 38. b4 g4 39. c6 1-0

[Event "Bad Woerishofen op"]
[Site "?"]
[Date "2003.??.??"]
[Round "3"]
[White "Bintakies, Michael"]
[Black "Guenther, Thomas"]
[Result "1/2-1/2"]
[WhiteElo "2209"]
[BlackElo "2090"]
[Annotator "ChessOrg"]
[PlyCount "114"]

1. d4 Nf6 2. Nf3 g6 3. Bg5 Bg7 4. Nbd2 d6 5. e4 O-O 6. c3 Nbd7 7. Be2 h6 8. Bh4
Nh5 9. O-O Nf4 10. Re1 g5 11. Bg3 e5 12. Bf1 Re8 13. dxe5 dxe5 14. Nc4 Qf6 15.
Nfd2 Bf8 16. b4 Nb6 17. Ne3 Be6 18. Nb3 Rad8 19. Qc2 Qg6 20. f3 f6 21. a4 Qf7
22. Nd2 Rd7 23. a5 Nc8 24. a6 c6 25. axb7 Rxb7 26. Bc4 Nd6 27. Bxe6 Nxe6 28.
Nb3 Nb5 29. Red1 Rd7 30. Bf2 Nf4 31. Kf1 Red8 32. Rxd7 Rxd7 33. c4 Nd4 34. Nxd4
exd4 35. Nf5 d3 36. Qc3 Ne2 37. Qb3 Nf4 38. g3 Ne6 39. Rd1 Kh7 40. Rxd3 Rxd3
41. Qxd3 Bxb4 42. e5 a5 43. exf6 Qxf6 44. Ne7+ Kg7 45. Nxc6 Bc3 46. Ne7 Bb2 47.
Nd5 Qe5 48. Be1 a4 49. Bc3 Bxc3 50. Nxc3 a3 51. Qd7+ Kf8 52. Nd5 Nd4 53. Qc8+
Kf7 54. Qb7+ Kf8 55. Qc8+ Kf7 56. Qb7+ Kg6 57. Qa6+ Kf7 1/2-1/2

[Event "Bad Woerishofen op"]
[Site "?"]
[Date "2003.??.??"]
[Round "3"]
[White "Kluger, Norbert"]
[Black "Schmitzer, Peter"]
[Result "0-1"]
[WhiteElo "2198"]
[BlackElo "2089"]
[Annotator "ChessOrg"]
[PlyCount "104"]

1. e4 c5 2. Nf3 a6 3. d4 cxd4 4. Nxd4 e5 5. Nb3 Nf6 6. Bd3 Bb4+ 7. c3 Be7 8.
O-O O-O 9. c4 Nc6 10. Nc3 d6 11. Qe2 Bd7 12. f3 Nb4 13. Bb1 b5 14. cxb5 axb5
15. Be3 d5 16. exd5 Nbxd5 17. Nxd5 Nxd5 18. Qd3 Nf6 19. Rd1 Be6 20. Qe2 Qb8 21.
Bd3 Rxa2 22. Nc5 Rxa1 23. Rxa1 Bc4 24. Bxc4 bxc4 25. Ne4 Nd5 26. Bf2 Nf4 27.
Qxc4 Qxb2 28. Rd1 h6 29. g3 Nh3+ 30. Kg2 Nxf2 31. Rd2 Qb4 32. Qxb4 Bxb4 33.
Rxf2 f5 34. Nd2 Bxd2 35. Rxd2 Re8 36. Kf2 Kf7 37. Ra2 Re6 38. Ke3 Rb6 39. Rc2
Kf6 40. Ra2 g5 41. Rc2 h5 42. h3 Ke6 43. Rd2 Rb3+ 44. Kf2 h4 45. gxh4 gxh4 46.
Kg2 Kf6 47. Ra2 Kg5 48. Rc2 Kf4 49. Rc4+ e4 50. fxe4 fxe4 51. Rc2 Rg3+ 52. Kh2
Kf3 0-1

[Event "Bad Woerishofen op"]
[Site "?"]
[Date "2003.??.??"]
[Round "3"]
[White "Hoennekes, Klaus"]
[Black "Bjarnason, Oskar"]
[Result "0-1"]
[WhiteElo "2089"]
[BlackElo "2195"]
[Annotator "ChessOrg"]
[PlyCount "88"]

1. e4 d5 2. exd5 Qxd5 3. Nc3 Qa5 4. d4 Nf6 5. Bc4 Nc6 6. Bd2 Nxd4 7. Nd5 Qc5 8.
Ne3 Bf5 9. c3 Nc2+ 10. Nxc2 Qxc4 11. Ne3 Qd3 12. Qa4+ c6 13. Nf3 Be4 14. Ne5
Qb5 15. Qb3 Qxe5 16. Qxb7 Qb8 17. Qa6 Qb5 18. Qxb5 cxb5 19. f3 Bc6 20. Nf5 e6
21. Nd4 Bd7 22. Ke2 Bc5 23. Nb3 Bb6 24. Rhd1 Ke7 25. Bg5 Rhd8 26. Nc1 Be8 27.
Nd3 h6 28. Bh4 g5 29. Bf2 Bxf2 30. Kxf2 Rd5 31. Ke3 Rad8 32. Rac1 R5d6 33. g3
Nd5+ 34. Ke2 Nb6 35. b3 f6 36. Nf2 Rxd1 37. Nxd1 e5 38. Ne3 Ke6 39. g4 Nd5 40.
Nxd5 Rxd5 41. Ke3 Bg6 42. a3 f5 43. Ke2 f4 44. h3 e4 0-1

[Event "Bad Woerishofen op"]
[Site "?"]
[Date "2003.??.??"]
[Round "3"]
[White "Beckmann, Klaus"]
[Black "Gerstner, Bernhard"]
[Result "1-0"]
[WhiteElo "2191"]
[BlackElo "2076"]
[Annotator "ChessOrg"]
[PlyCount "67"]

1. e4 e5 2. Nf3 Nc6 3. Bb5 a6 4. Bxc6 dxc6 5. O-O f6 6. d4 Bg4 7. dxe5 Qxd1 8.
Rxd1 fxe5 9. Rd3 Bd6 10. Nbd2 b5 11. b3 Ne7 12. h3 Be6 13. Nf1 O-O 14. Ng3 Ng6
15. Nh2 c5 16. Be3 c4 17. Rdd1 Nf4 18. Bxf4 Rxf4 19. f3 Bc5+ 20. Kf1 Raf8 21.
Ke2 Bd4 22. Rab1 c3 23. Ng4 R4f7 24. Nf2 c5 25. Ng4 b4 26. Ne3 Bxe3 27. Kxe3
Bxh3 28. Kf2 Be6 29. Rd6 Re8 30. Rbd1 Rc7 31. Rxa6 Kf7 32. Nf1 Ke7 33. Ne3 Rd8
34. Rxe6+ 1-0

[Event "Bad Woerishofen op"]
[Site "?"]
[Date "2003.??.??"]
[Round "3"]
[White "Woerl, Richard"]
[Black "Schaefer, Michael"]
[Result "1/2-1/2"]
[WhiteElo "2087"]
[BlackElo "2186"]
[Annotator "ChessOrg"]
[PlyCount "45"]

1. e4 c5 2. c3 Nf6 3. e5 Nd5 4. Bc4 e6 5. Bxd5 exd5 6. Qf3 d4 7. cxd4 cxd4 8.
Qe4 Nc6 9. Nf3 Bc5 10. b3 O-O 11. O-O d6 12. Ba3 Bxa3 13. Nxa3 dxe5 14. Nxe5
Nxe5 15. Qxe5 Re8 16. Qf4 Qd5 17. Rfe1 Bd7 18. Nc2 Bc6 19. f3 Qc5 20. Rec1 Rad8
21. Ne3 Qe7 22. Nc2 Qc5 23. Ne3 1/2-1/2

[Event "Bad Woerishofen op"]
[Site "?"]
[Date "2003.??.??"]
[Round "3"]
[White "Sailer, Wolfgang"]
[Black "Pitl, Jarno"]
[Result "1/2-1/2"]
[WhiteElo "2182"]
[BlackElo "2073"]
[Annotator "ChessOrg"]
[PlyCount "52"]

1. d4 Nf6 2. c4 g6 3. Nc3 d6 4. e4 Bg7 5. f4 O-O 6. Nf3 c5 7. d5 b5 8. cxb5 a6
9. a4 Qa5 10. Bd2 Nbd7 11. Qc2 Bb7 12. Be2 Rfc8 13. e5 Ne8 14. e6 fxe6 15. dxe6
Ndf6 16. O-O c4 17. f5 axb5 18. fxg6 Qb6+ 19. Kh1 h6 20. axb5 d5 21. Rxa8 Rxa8
22. Na4 Qxb5 23. Bd1 Bc6 24. Nc3 Qb6 25. Ne5 Ra1 26. Nd7 Qb7 1/2-1/2

[Event "Bad Woerishofen op"]
[Site "?"]
[Date "2003.??.??"]
[Round "3"]
[White "Willin, Bernhard"]
[Black "Mahrla, Hans"]
[Result "1-0"]
[WhiteElo "2005"]
[BlackElo "1479"]
[Annotator "ChessOrg"]
[PlyCount "75"]

1. Nf3 d5 2. d4 Nf6 3. e3 e6 4. Bd3 c5 5. b3 Nc6 6. O-O cxd4 7. exd4 Be7 8. Bb2
O-O 9. Nbd2 Nb4 10. Be2 a6 11. a3 Nc6 12. Bd3 b5 13. Qe2 Qb6 14. b4 h6 15. Nb3
Qc7 16. Ne5 Nxe5 17. dxe5 Nh7 18. Bd4 Rd8 19. f4 Nf8 20. Rf3 Nd7 21. f5 exf5
22. Rxf5 Nf8 23. Qf3 Bxf5 24. Qxf5 Qd7 25. Qh5 Ne6 26. Rf1 Bg5 27. Nc5 Nxc5 28.
Bxc5 Qe6 29. Bd4 g6 30. Qf3 Kg7 31. Qg3 Be7 32. Bf5 Qc6 33. Bd3 Qe6 34. h4 h5
35. Bf5 Qc6 36. e6+ Kf8 37. Bxg6 Qxe6 38. Bxh5 1-0

[Event "Bad Woerishofen op"]
[Site "?"]
[Date "2003.??.??"]
[Round "3"]
[White "Fischer, Manfred"]
[Black "Heinicke, Wenke"]
[Result "1-0"]
[WhiteElo "2180"]
[BlackElo "2064"]
[Annotator "ChessOrg"]
[PlyCount "63"]

1. d4 d6 2. e4 g6 3. Nc3 Bg7 4. Be3 c6 5. Qd2 Nd7 6. Nf3 b5 7. Bd3 Bb7 8. h4 h6
9. h5 g5 10. Ne2 Nb6 11. b3 Nf6 12. Ng3 e6 13. Nh2 a6 14. O-O Rc8 15. f4 gxf4
16. Rxf4 Rg8 17. Qf2 Nbd7 18. Rf1 c5 19. c3 b4 20. cxb4 cxd4 21. Bxd4 Ne5 22.
Bb1 Bh8 23. Ne2 Rg5 24. g4 Nfxg4 25. Rxg4 Rxg4+ 26. Nxg4 Qg5 27. Bxe5 Qxg4+ 28.
Bg3 f5 29. exf5 Qxh5 30. Qh2 Qg5 31. fxe6 Be5 32. Qf2 1-0

[Event "Bad Woerishofen op"]
[Site "?"]
[Date "2003.??.??"]
[Round "3"]
[White "Martino-Gross, Peter"]
[Black "Maahs, Erich"]
[Result "0-1"]
[WhiteElo "2053"]
[BlackElo "2180"]
[Annotator "ChessOrg"]
[PlyCount "60"]

1. c4 e5 2. Nc3 Nc6 3. Nf3 f5 4. d3 Nf6 5. g3 Bb4 6. Bd2 O-O 7. Bg2 d6 8. O-O
Rb8 9. a3 Bxc3 10. Bxc3 Qe8 11. b4 a6 12. a4 Nd8 13. b5 b6 14. bxa6 Bxa6 15.
Qb3 Ne6 16. a5 bxa5 17. Qa3 f4 18. Qxa5 Bb7 19. Rfb1 fxg3 20. hxg3 Ra8 21. Qb4
Rxa1 22. Rxa1 Bc6 23. Ra6 Bxf3 24. Bxf3 Ng5 25. Qb7 Nxf3+ 26. exf3 Qh5 27. Ra8
Qf5 28. Rxf8+ Kxf8 29. Qxc7 Qxd3 30. Bb4 Qb1+ 0-1

[Event "Bad Woerishofen op"]
[Site "?"]
[Date "2003.??.??"]
[Round "3"]
[White "Santl, Anton"]
[Black "Neubauer, Ralf"]
[Result "0-1"]
[WhiteElo "2180"]
[BlackElo "2056"]
[Annotator "ChessOrg"]
[PlyCount "104"]

1. Nf3 d5 2. c4 e6 3. g3 Nf6 4. Bg2 c6 5. d4 Bb4+ 6. Bd2 Be7 7. Qb3 O-O 8. O-O
b6 9. Nc3 Ne4 10. Nxe4 dxe4 11. Ne1 Bb7 12. Bxe4 Qxd4 13. Qc2 f5 14. Bg2 Bf6
15. Rb1 Na6 16. b4 Rad8 17. Nd3 e5 18. Be3 Qd7 19. c5 b5 20. Rfd1 Qf7 21. f3
Nc7 22. Bf2 Bc8 23. e3 Be6 24. e4 fxe4 25. fxe4 Bxa2 26. Rb2 Bc4 27. Ne1 Ne6
28. Rd6 Nd4 29. Bxd4 exd4 30. Nd3 Rxd6 31. cxd6 Qe6 32. Rb1 Qxd6 33. Rf1 Bg5
34. Rxf8+ Qxf8 35. h4 Be3+ 36. Kh2 g5 37. Qd1 gxh4 38. Qg4+ Kh8 39. Ne5 hxg3+
40. Kh3 Qh6+ 41. Kxg3 Be6 42. Qf3 Qg5+ 43. Ng4 h5 44. Qf6+ Qxf6 45. Nxf6 d3 46.
Bf3 Bb3 47. e5 d2 48. Kh4 Kg7 49. Ne4 d1=Q 50. Bxd1 Bxd1 51. e6 Kf8 52. Nd6
Bf2+ 0-1

[Event "Bad Woerishofen op"]
[Site "?"]
[Date "2003.??.??"]
[Round "3"]
[White "Pimmingstorfer, Christian"]
[Black "Baeuml, Ulrich"]
[Result "1-0"]
[WhiteElo "2050"]
[BlackElo "2176"]
[Annotator "ChessOrg"]
[PlyCount "49"]

1. f4 g6 2. Nf3 c5 3. e3 Nc6 4. Be2 Bg7 5. O-O e6 6. d3 Nge7 7. Nc3 d5 8. e4 d4
9. Nb1 O-O 10. a4 a6 11. Nbd2 Bd7 12. Nc4 Qc7 13. Qe1 b5 14. axb5 axb5 15. Rxa8
Rxa8 16. Nce5 Nxe5 17. Nxe5 Nc6 18. Nxc6 Bxc6 19. Qh4 c4 20. f5 exf5 21. exf5
Re8 22. Bg4 h5 23. f6 Qd8 24. Bxh5 Bxf6 25. Rxf6 1-0

[Event "Bad Woerishofen op"]
[Site "?"]
[Date "2003.??.??"]
[Round "3"]
[White "Ashton, Adam"]
[Black "Edel, Thomas"]
[Result "1-0"]
[WhiteElo "2175"]
[BlackElo "2052"]
[Annotator "ChessOrg"]
[PlyCount "107"]

1. e4 c5 2. Nf3 Nc6 3. Bb5 g6 4. O-O Bg7 5. Re1 e5 6. b4 Nxb4 7. c3 Nc6 8. d4
cxd4 9. cxd4 Nxd4 10. Nxd4 exd4 11. e5 Ne7 12. Ba3 O-O 13. Bd6 Re8 14. Nd2 Nc6
15. Nf3 a6 16. Bc4 b5 17. Bd5 Bb7 18. Qb3 Re6 19. Bxe6 dxe6 20. Qd3 Na5 21. Nd2
Nc6 22. Nb3 Qg5 23. Qg3 Qxg3 24. hxg3 Rd8 25. Rad1 Bf8 26. Nxd4 Nxd4 27. Rxd4
Bd5 28. Bxf8 Kxf8 29. Rc1 Ke7 30. a3 Bc4 31. Rcd1 Rxd4 32. Rxd4 Bd5 33. g4 f6
34. exf6+ Kxf6 35. f4 h6 36. Kf2 a5 37. g3 a4 38. Ke3 Bc4 39. Rd6 Ke7 40. Ra6
Kf6 41. Rc6 Bf1 42. Rc5 Bc4 43. g5+ hxg5 44. Rxg5 Bd5 45. Kd4 Kf7 46. Kc5 Bc4
47. Kd6 Bd5 48. Re5 Bc4 49. Rc5 Kf6 50. g4 Kf7 51. Ke5 Ke7 52. Rc7+ Kd8 53. Rg7
Kc8 54. Kd4 1-0

[Event "Bad Woerishofen op"]
[Site "?"]
[Date "2003.??.??"]
[Round "3"]
[White "Lamberger, Werner"]
[Black "Wittfoth, Kai-Uwe"]
[Result "1/2-1/2"]
[WhiteElo "2048"]
[BlackElo "2175"]
[Annotator "ChessOrg"]
[PlyCount "31"]

1. Nf3 b5 2. g3 Bb7 3. Bg2 e6 4. O-O Nf6 5. d4 Be7 6. c4 bxc4 7. Qa4 O-O 8.
Qxc4 Bd5 9. Qa4 c5 10. Nc3 Bc6 11. Qc4 Bxf3 12. Bxf3 d5 13. Qd3 cxd4 14. Qxd4
Nc6 15. Qa4 Ne5 16. Bg2 1/2-1/2